| 000 | 00979pam a2200265 a 4500 | ||
|---|---|---|---|
| 001 | 2558828 | ||
| 005 | 19960801102454.5 | ||
| 008 | 950126s1996 njua b 001 0 eng | ||
| 010 | _a 95004061 | ||
| 020 | _a0835976726 | ||
| 040 |
_aDLC _cDLC _dDLC |
||
| 050 | 0 | 0 |
_aTJ265 _b.G697 1996 |
| 082 | 0 | 0 |
_a621.042 _222 _bGRA |
| 100 | 1 |
_aGranet, Irving. _96757 |
|
| 245 | 1 | 0 |
_aThermodynamics and heat power / _cIrving Granet. |
| 250 | _a2nd ed. | ||
| 260 |
_aEnglewood Cliffs, N.J. : _bPrentice Hall, _c1980 |
||
| 300 |
_a608 p. : _bill. ; _c25 cm. + |
||
| 504 | _aIncludes bibliographical references and index. | ||
| 650 | 0 |
_aThermodynamics. _96758 |
|
| 650 | 0 |
_aHeat engineering. _96759 |
|
| 942 |
_2ddc _cBB |
||
| 999 |
_c11983 _d11983 |
||